Statistiques concernant Grands crus d'Alsace

Cliquez ici pour prendre le quiz!

Statistiques générales

  • Ce quiz a été pris 42 fois
  • Le résultat moyen est 17 sur 68

Réponses sur la Carte

Les réponses sont colorées sur une échelle allant du rouge au vert en fonction du pourcentage des utilisateurs qui les ont devinées à leur premier essai. Vous pouvez retrouver ces pourcentages ci-dessous.
 

Statistiques - réponses

CommunesGrand cru% Correct
SigolsheimMambourg
59%
BergheimAltenberg-de-Bergheim
45%
BergbietenAltenberg-de-Bergbieten
41%
WolxheimAltenberg-de-Wolxheim
41%
Vieux-ThannRangen
41%
ThannRangen
41%
KientzheimSchlossberg
41%
TurckheimBrand
36%
KientzheimFurstentum
36%
SigolsheimFurstentum
36%
AmmerschwihrKaefferkopf
36%
RiquewihrSporen
36%
Dambach-la-VilleFrankstein
32%
RibeauvilléGeisberg
32%
BergheimKanzlerberg
32%
AndlauMoenchberg
32%
EichhoffenMoenchberg
32%
HunawihrRosacker
32%
MolsheimBruderthal
27%
ScharrachbergheimEngelberg
27%
DahlenheimEngelberg
27%
ZellenbergFroehn
27%
WintzenheimHengst
27%
GuebwillerKessler
27%
RibeauvilléKirchberg-de-Ribeauvillé
27%
RibeauvilléOsterberg
27%
KatzenthalSommerberg
27%
NiedermorschwihrSommerberg
27%
BeblenheimSonnenglanz
27%
WesthaltenZinnkoepflé
27%
SoultzmattZinnkoepflé
27%
EguisheimEichberg
23%
AndlauKastelberg
23%
BarrKirchberg-de-Barr
23%
GuebwillerKitterlé
23%
MittelwihrMandelberg
23%
BeblenheimMandelberg
23%
NothaltenMuenchberg
23%
GuebwillerSaering
23%
RiquewihrSchoenenbourg
23%
ZellenbergSchoenenbourg
23%
RouffachVorbourg
23%
WesthaltenVorbourg
23%
AmmerschwihrWineck-Schlossberg
23%
KatzenthalWineck-Schlossberg
23%
IngersheimFlorimont
18%
KatzenthalFlorimont
18%
RodernGloeckelberg
18%
Saint-HippolyteGloeckelberg
18%
GueberschwihrGoldert
18%
HattstattHatschbourg
18%
VœgtlinshoffenHatschbourg
18%
OrschwihrPfingstberg
18%
KintzheimPraelatenberg
18%
BergholtzSpiegel
18%
GuebwillerSpiegel
18%
AndlauWiebelsberg
18%
BlienschwillerWinzenberg
18%
MittelbergheimZotzenberg
18%
BennwihrMarckrain
14%
SigolsheimMarckrain
14%
WuenheimOllwiller
14%
WettolsheimPfersigberg
14%
EguisheimPfersigberg
14%
WesthaltenSteinert
14%
PfaffenheimSteinert
14%
WettolsheimSteingrubler
14%
MarlenheimSteinklotz
14%

Distribution des résultats

Percentile par nombre de réponses

% des personnes avec chaque résultat

Votre développement - résultats

Vous n’avez pas pris ce quiz